000
00281nam a22001337a 4500
008
170527b xxu||||| |||| 00| 0 eng d
020
_a
65595
041
_a
eng
080
_a
62
100
_a
26
101
_a
IM
245
_a
ENGINEERING EXPERIMENTATION
_c
TUVE
942
_2
udc
_c
BK
999
_c
14647
_d
14647